000 00791nam a22001577a 4500
003 OSt
005 20150919104302.0
008 150919b xxu||||| |||| 00| 0 eng d
040 _cRUA
082 _aAGR HOU 2006 BO33 Or.1
100 _9847
_aHOUT, SOCHEY
245 _aEffect of sawdust incubatory on growing of straw mushroom ay crops station in the royal university of agriculture,(ឥទ្ធិពលនៃការផ្អាប់អាចម៍រណា លើការលូតលាស់របស់ផ្សិតចំបើង នៅស្ថានីយ៍ពោសោធន៍ដំណាំនាំសាកលវិទ្យាល័យភូមិន្ធកសិកម្ម).
260 _aphnom phen
_bRUA
_c2006
300 _axi, 39p.
_bill.
_c29cm.
942 _2ddc
_cAGR
999 _c817
_d817